| 000 | 00944cam a2200229 4500 | ||
|---|---|---|---|
| 001 | WB3827-19 | ||
| 008 | 020724n2002 000 0 eng u | ||
| 035 | _a(Sirsi) u119026 | ||
| 245 | _aWelsh farms put on the map | ||
| 260 | _c2002 | ||
| 490 |
_aNational Assembly for Wales Press Release _v 22 July 2002, (2) |
||
| 520 | _aThe Welsh Assembly has launched a consultation programme to help Welsh farmers understand the digital mapping system. Information supplied by farmers on their annual Integrated Administration and Control System will help form a digital map of registered farm land in Wales. | ||
| 590 | _aWB | ||
| 650 | _aFARM LAND | ||
| 650 | _aWALES | ||
| 650 | _aGIS | ||
| 650 | _aMAPS | ||
| 650 | _aDIGITAL MAPPING | ||
| 690 |
_aRural _96268 |
||
| 856 | _ahttp://www.wales.gov.uk/servlet/PressReleaseByDateServlet?area_code=37E752F2000942E000000A2E00000000&document_code=N0000000000000000000000000001827 | ||
| 942 | _n0 | ||
| 999 |
_c70806 _d70806 |
||